Statistics for US States Without Vowels Quiz #1

Click here to take the quiz!

General Stats

  • This quiz has been taken 40 times
  • The average score is 9 of 10

Answer Stats

US States (No Vowels)US States% Correct
MCHGNMichigan
100%
VRMNTVermont
100%
FLRDFlorida
97%
NRTH DKTNorth Dakota
97%
WST VRGNWest Virginia
97%
DLWRDelaware
94%
RKNSSArkansas
92%
HWHawaii
83%
RGNOregon
75%
THUtah
75%

Score Distribution

Percentile by Number Answered

Percent of People with Each Score

Your Score History

You have not taken this quiz